[Event "BPB Limburg-open C"]
[Site "Maastricht"]
[Date "2015.05.25"]
[Round "6"]
[White "Zheng, Jimmy"]
[Black "Mohammadi Nia, Borna"]
[Result "0-1"]
[WhiteElo "900"]
[BlackElo "1241"]
[PlyCount "163"]
[EventDate "2015.05.22"]
[EventType "swiss"]
[EventRounds "7"]
[EventCountry "NED"]
[Source "P.Boonen"]
[SourceDate "2015.01.01"]

1. e4 e6 2. Nf3 d5 3. exd5 exd5 4. d4 Bd6 5. Bb5+ c6 6. Bd3 Ne7 7. Nc3 Bf5 8.
Bg5 f6 9. Be3 Nd7 10. Ne2 Bxd3 11. Qxd3 Nf8 12. O-O Nfg6 13. c4 dxc4 14. Qxc4
Qd7 15. a4 Nd5 16. Bd2 O-O-O 17. b4 Nb6 18. Qc2 Qe6 19. a5 Nd5 20. Rfe1 Nxb4
21. Bxb4 Bxb4 22. Nc3 Qc4 23. Rec1 Bxc3 24. Qxc3 Qxc3 25. Rxc3 Nf4 26. Kf1 Ne6
27. g3 Nxd4 28. Nxd4 Rxd4 29. a6 Rb4 30. axb7+ Kxb7 31. Rca3 Ra8 32. Re1 Rg4
33. Rb1+ Kc7 34. Kg2 Re4 35. f3 Re2+ 36. Kh3 Re7 37. Kg2 Kd8 38. h4 Ke8 39. g4
Kf7 40. Kg3 g6 41. f4 h6 42. g5 hxg5 43. hxg5 fxg5 44. fxg5 Rc7 45. Rf1+ Kg7
46. Rf6 Rf8 47. Rd6 c5 48. Rc3 Rb8 49. Rd5 c4 50. Rd4 Rb3 51. Rxb3 cxb3 52. Rb4
Rc3+ 53. Kf4 a5 54. Rb5 Rc4+ 55. Ke3 Rb4 56. Rxb4 axb4 57. Kd2 Kf7 58. Kc1 Ke6
59. Kb2 Kf5 60. Kxb3 Kxg5 61. Kxb4 Kf4 62. Kc3 Ke3 63. Kc2 Ke2 64. Kc3 g5 65.
Kd4 Kf3 66. Kd3 g4 67. Kd2 Kf2 68. Kd3 g3 69. Ke4 g2 70. Kf4 g1=Q 71. Ke4 Qg3
72. Kd4 Qe3+ 73. Kd5 Kf3 74. Kc4 Qd2 75. Kc5 Ke4 76. Kc6 Qd5+ 77. Kb6 Kd4 78.
Kc7 Kc5 79. Kc8 Kc6 80. Kb8 Qd6+ 81. Ka8 Qd7 82. Kb8 0-1

[Event "BPB Limburg-open C"]
[Site "Maastricht"]
[Date "2015.05.25"]
[Round "7"]
[White "Akulov, Lev"]
[Black "Van Ginneken, Maikel"]
[Result "1-0"]
[WhiteElo "1611"]
[BlackElo "1499"]
[PlyCount "59"]
[EventDate "2015.05.22"]
[EventType "swiss"]
[EventRounds "7"]
[EventCountry "NED"]
[Source "P.Boonen"]
[SourceDate "2015.01.01"]

1. e4 e5 2. Nf3 Nf6 3. Nxe5 d6 4. Nf3 Nxe4 5. Nc3 Nxc3 6. dxc3 Be7 7. Be2 Nd7
8. O-O O-O 9. Be3 b6 10. Nd4 Ne5 11. f4 Ng6 12. Bf3 d5 13. Nc6 Qd6 14. Qxd5 Ba6
15. Rfe1 Nh4 16. Nxe7+ Qxe7 17. Bxb6 Nxf3+ 18. Qxf3 Qd6 19. Be3 Rab8 20. b3 Bb7
21. Qf2 a6 22. Bc5 Qc6 23. Bxf8 Kxf8 24. c4 Rd8 25. Rad1 Rxd1 26. Rxd1 Ke8 27.
Qe2+ Qe4 28. Qxe4+ Bxe4 29. Re1 f5 30. Rxe4+ 1-0

[Event "BPB Limburg-open C"]
[Site "Maastricht"]
[Date "2015.05.25"]
[Round "7"]
[White "Akulov, Mikhail"]
[Black "Boesmans, Peter"]
[Result "1-0"]
[WhiteElo "1272"]
[BlackElo "1286"]
[PlyCount "77"]
[EventDate "2015.05.22"]
[EventType "swiss"]
[EventRounds "7"]
[EventCountry "NED"]
[Source "P.Boonen"]
[SourceDate "2015.01.01"]

1. e4 d6 2. d4 Nf6 3. Nc3 Nbd7 4. Be3 e5 5. Nf3 c6 6. Qd2 Be7 7. O-O-O Ng4 8.
h3 Nxe3 9. fxe3 Qc7 10. Qf2 Bf6 11. Kb1 Nf8 12. d5 Ng6 13. dxc6 bxc6 14. Qd2
Be7 15. Bc4 O-O 16. h4 Rd8 17. h5 Nf8 18. h6 g6 19. Rhf1 Be6 20. Bxe6 Nxe6 21.
Qf2 Rd7 22. Nxe5 Bg5 23. Nxd7 Qxd7 24. e5 d5 25. Ne4 Qe7 26. Nd6 Rf8 27. Qg3
Bh4 28. Nf5 Qg5 29. Qxh4 Qxh4 30. Nxh4 Nc5 31. b3 Ne4 32. Kb2 Re8 33. Nf3 Re6
34. Nd4 Rxe5 35. Nxc6 Rg5 36. Rxd5 f5 37. Nxa7 Rxg2 38. Re5 Re2 39. Re8+ 1-0

[Event "BPB Limburg-open C"]
[Site "Maastricht"]
[Date "2015.05.25"]
[Round "7"]
[White "Akulova, Alicia"]
[Black "Been, Klaas"]
[Result "1-0"]
[WhiteElo "1514"]
[BlackElo "1722"]
[PlyCount "55"]
[EventDate "2015.05.22"]
[EventType "swiss"]
[EventRounds "7"]
[EventCountry "NED"]
[Source "P.Boonen"]
[SourceDate "2015.01.01"]

1. e4 e5 2. Nf3 d6 3. d4 exd4 4. Nxd4 Nf6 5. Nc3 Be7 6. f3 O-O 7. Be3 Nbd7 8.
Qd2 a6 9. O-O-O Ne5 10. h4 b5 11. h5 Be6 12. Kb1 Nc4 13. Bxc4 Bxc4 14. g4 Nd7
15. g5 Ne5 16. Qg2 b4 17. Nd5 Bxd5 18. exd5 f5 19. Ne6 Qd7 20. g6 Bf6 21. gxh7+
Kxh7 22. Nxf8+ Rxf8 23. Rdg1 Nc4 24. Qg6+ Kh8 25. h6 Kg8 26. hxg7 Bxg7 27. Qh7+
Kf7 28. Rxg7+ 1-0

[Event "BPB Limburg-open C"]
[Site "Maastricht"]
[Date "2015.05.25"]
[Round "7"]
[White "Allaart, Janne"]
[Black "Patil, Mahesh"]
[Result "0-1"]
[WhiteElo "1451"]
[BlackElo "1553"]
[PlyCount "76"]
[EventDate "2015.05.22"]
[EventType "swiss"]
[EventRounds "7"]
[EventCountry "NED"]
[Source "P.Boonen"]
[SourceDate "2015.01.01"]

1. e4 c5 2. Nc3 d6 3. Nf3 Nc6 4. Bc4 Nf6 5. d4 cxd4 6. Nxd4 g6 7. O-O Bg7 8.
Bg5 Nxe4 9. Nxc6 Nxc3 10. bxc3 bxc6 11. Qf3 d5 12. Bb3 O-O 13. Rae1 Re8 14. c4
h6 15. Bh4 g5 16. Bg3 e6 17. Rd1 a5 18. Rfe1 a4 19. cxd5 cxd5 20. Bxd5 exd5 21.
Rxe8+ Qxe8 22. Qxd5 Be6 23. Qd3 Bxa2 24. c4 Bb3 25. Rc1 Rd8 26. Qf3 Bxc4 27. h3
Qe2 28. Qa3 Bb2 29. Qxb2 Qxb2 30. Rxc4 a3 31. Ra4 a2 32. Kh2 a1=Q 33. Rxa1 Qxa1
34. h4 Rd1 35. Kh3 f5 36. hxg5 hxg5 37. f4 Qh8+ 38. Bh4 Qxh4# 0-1

[Event "BPB Limburg-open C"]
[Site "Maastricht"]
[Date "2015.05.25"]
[Round "7"]
[White "Allaart, Jesse"]
[Black "Disters, Ray"]
[Result "1-0"]
[WhiteElo "1230"]
[BlackElo "900"]
[PlyCount "87"]
[EventDate "2015.05.22"]
[EventType "swiss"]
[EventRounds "7"]
[EventCountry "NED"]
[Source "P.Boonen"]
[SourceDate "2015.01.01"]

1. e4 b6 2. Bc4 Bb7 3. d3 e6 4. Nc3 Nc6 5. Nf3 Be7 6. Bf4 a6 7. O-O Na5 8. Bb3
Nxb3 9. axb3 d6 10. Ne2 Nf6 11. Ng3 e5 12. Be3 Bc8 13. c3 Bg4 14. h3 Bxf3 15.
Qxf3 Nd7 16. Nf5 Bf6 17. Qg4 g6 18. Ng3 Bg7 19. f4 Nf6 20. Qf3 O-O 21. f5 Qd7
22. d4 exd4 23. cxd4 Qb5 24. Bf4 Nd7 25. Rad1 a5 26. Bg5 Rae8 27. f6 Qxg5 28.
fxg7 Kxg7 29. Qc3 Nf6 30. Rf3 Re7 31. Nf5+ Kh8 32. Nxe7 Nxe4 33. Qe3 Qxe7 34.
Rf4 d5 35. Rdf1 Kg7 36. g3 f5 37. g4 Qg5 38. R4f3 Qh4 39. gxf5 Rxf5 40. Rxf5
gxf5 41. Rxf5 Kg6 42. Rf4 Qg3+ 43. Qxg3+ Nxg3 44. Rg4+ 1-0

[Event "BPB Limburg-open C"]
[Site "Maastricht"]
[Date "2015.05.25"]
[Round "7"]
[White "Baselmans, Daan"]
[Black "De Schepper, Marcel"]
[Result "0-1"]
[WhiteElo "900"]
[BlackElo "1660"]
[PlyCount "46"]
[EventDate "2015.05.22"]
[EventType "swiss"]
[EventRounds "7"]
[EventCountry "NED"]
[Source "P.Boonen"]
[SourceDate "2015.01.01"]

1. e4 e6 2. d4 d5 3. e5 c5 4. c3 Nc6 5. Nf3 Qb6 6. Bd3 cxd4 7. cxd4 Bd7 8. Bc2
Bb4+ 9. Nc3 a6 10. a3 Bxc3+ 11. bxc3 Nge7 12. Ng5 h6 13. Nh7 Nf5 14. g4 Rxh7
15. gxf5 exf5 16. Rg1 Ne7 17. Rb1 Qc7 18. Bf4 Qxc3+ 19. Kf1 Bb5+ 20. Kg2 Ng6
21. Kh1 Nxf4 22. a4 Be2 23. Qe1 Qf3+ 0-1

[Event "BPB Limburg-open C"]
[Site "Maastricht"]
[Date "2015.05.25"]
[Round "7"]
[White "Baselmans, Sam"]
[Black "Beukema, Christiaan"]
[Result "1-0"]
[WhiteElo "1586"]
[BlackElo "1470"]
[PlyCount "51"]
[EventDate "2015.05.22"]
[EventType "swiss"]
[EventRounds "7"]
[EventCountry "NED"]
[Source "P.Boonen"]
[SourceDate "2015.01.01"]

1. e4 e5 2. Nf3 Nc6 3. Bc4 Bc5 4. c3 Nf6 5. d3 d6 6. Bb3 O-O 7. h3 Bb6 8. Bg5
h6 9. Bh4 Be6 10. Bc2 Re8 11. Nbd2 d5 12. Qe2 d4 13. Nb3 dxc3 14. bxc3 Bxb3 15.
axb3 Qd6 16. Nd2 Qe6 17. O-O a6 18. b4 Ba7 19. Bb3 Qd6 20. Nc4 Qd8 21. Ne3 g5
22. Bg3 Rf8 23. h4 Nd7 24. Qh5 Qf6 25. Ng4 Qg6 26. Qxg6+ 1-0

[Event "BPB Limburg-open C"]
[Site "Maastricht"]
[Date "2015.05.25"]
[Round "7"]
[White "Bertrand, Sjors"]
[Black "Loutragotis, Marios"]
[Result "1-0"]
[WhiteElo "900"]
[BlackElo "900"]
[PlyCount "78"]
[EventDate "2015.05.22"]
[EventType "swiss"]
[EventRounds "7"]
[EventCountry "NED"]
[Source "P.Boonen"]
[SourceDate "2015.01.01"]

1. e4 e5 2. d4 exd4 3. c3 Nf6 4. e5 dxc3 5. exf6 Qxf6 6. Nxc3 Bc5 7. Qe2+ Qe6
8. Qxe6+ fxe6 9. Nf3 O-O 10. Bd3 Nc6 11. O-O d5 12. a3 Re8 13. Bc2 d4 14. Nb5
Bb6 15. a4 a6 16. Na3 e5 17. Re1 Ba5 18. Bd2 Bxd2 19. Nxd2 Nb4 20. Bb3+ Kh8 21.
Bc2 d3 22. Bb3 Bf5 23. Rac1 Re7 24. f3 Rc8 25. Rc3 c5 26. Nac4 Rce8 27. Nd6 Rf8
28. Nxf5 Rxf5 29. Rxc5 h6 30. Rc8+ Kh7 31. Bc4 Nc2 32. Re4 Rf4 33. Bxd3 g6 34.
Rxf4 exf4 35. Bxc2 Re2 36. Ne4 Re1+ 37. Kf2 Ra1 38. Rc7+ Kg8 39. Rxb7 Rxa4 1-0

[Event "BPB Limburg-open C"]
[Site "Maastricht"]
[Date "2015.05.25"]
[Round "7"]
[White "Beukema, Constantijn"]
[Black "Lemmens, Paul"]
[Result "0-1"]
[WhiteElo "1553"]
[BlackElo "1513"]
[PlyCount "96"]
[EventDate "2015.05.22"]
[EventType "swiss"]
[EventRounds "7"]
[EventCountry "NED"]
[Source "P.Boonen"]
[SourceDate "2015.01.01"]

1. e4 c6 2. d4 d5 3. e5 Bf5 4. Nf3 e6 5. Bd3 Bxd3 6. Qxd3 c5 7. O-O Nc6 8. Nc3
f6 9. exf6 Nxf6 10. Re1 Qd7 11. Bg5 Be7 12. Ne5 Nxe5 13. Rxe5 Bd6 14. Bxf6 gxf6
15. Ree1 O-O-O 16. Qb5 cxd4 17. Qxd7+ Kxd7 18. Nb5 Bc5 19. a3 a6 20. b4 Bb6 21.
Nxd4 Bxd4 22. Rad1 Bc3 23. Re3 Rc8 24. Rf3 Rc4 25. Rg3 Rd4 26. Rb1 Rc4 27. Rd3
Be5 28. Rd2 Rhc8 29. b5 a5 30. g3 Rxc2 31. Rxc2 Rxc2 32. b6 Kc6 33. a4 Rb2 34.
Rc1+ Kxb6 35. Rc8 Bd4 36. Rh8 Rxf2 37. Rxh7 e5 38. Rh6 e4 39. Rh8 e3 40. Re8 e2
41. h4 Rf1+ 42. Kg2 Be5 43. Re6+ Kc5 44. h5 e1=Q 45. Rxe5 Rf2+ 46. Kh3 Qxe5 47.
g4 Qe3+ 48. Kh4 Rh2# 0-1

[Event "BPB Limburg-open C"]
[Site "Maastricht"]
[Date "2015.05.25"]
[Round "7"]
[White "Beusen, Frank"]
[Black "Van Rossum, Pia"]
[Result "0-1"]
[WhiteElo "1415"]
[BlackElo "1568"]
[PlyCount "120"]
[EventDate "2015.05.22"]
[EventType "swiss"]
[EventRounds "7"]
[EventCountry "NED"]
[Source "P.Boonen"]
[SourceDate "2015.01.01"]

1. d4 d6 2. c4 g6 3. Nf3 Bg7 4. Nc3 Nf6 5. e3 O-O 6. Bd3 Nc6 7. a3 e5 8. d5 Ne7
9. e4 Nd7 10. b4 f5 11. Qc2 Qe8 12. Bb2 f4 13. O-O-O a5 14. Qa4 Bh6 15. Ne2 Qf7
16. Kc2 Nb6 17. Qb3 g5 18. h3 axb4 19. axb4 Bd7 20. b5 Na4 21. Ba3 Ra7 22. Ra1
Rfa8 23. Bb2 Nc8 24. Nc3 Nc5 25. Qb4 Rxa1 26. Rxa1 Rxa1 27. Bxa1 g4 28. hxg4
Bxg4 29. Be2 Qh5 30. Qb1 Nb6 31. Qf1 Qe8 32. Bb2 Bg7 33. Nh2 Bh5 34. Bxh5 Qxh5
35. Nf3 Bf6 36. Nd2 Qg6 37. Ba3 Ncd7 38. Bb4 Nc8 39. Ba5 b6 40. Bb4 Nf8 41. Qh1
h5 42. Qh3 Qg4 43. f3 Qxh3 44. gxh3 Bh4 45. Ne2 Nh7 46. Kd1 Ng5 47. Ng1 Bf2 48.
h4 Bxh4 49. Nf1 Bf2 50. Ne2 Nxf3 51. Nd2 Nxd2 52. Bxd2 h4 53. Nxf4 exf4 54.
Bxf4 Ne7 55. Ke2 Bg3 56. Bxg3 hxg3 57. Kf3 Ng6 58. Kxg3 Ne5 59. Kf4 Kf7 60. Ke3
Nxc4+ 0-1

[Event "BPB Limburg-open C"]
[Site "Maastricht"]
[Date "2015.05.25"]
[Round "7"]
[White "Bloem, Robert"]
[Black "Muntean, Felix"]
[Result "0-1"]
[WhiteElo "1249"]
[BlackElo "900"]
[PlyCount "68"]
[EventDate "2015.05.22"]
[EventType "swiss"]
[EventRounds "7"]
[EventCountry "NED"]
[Source "P.Boonen"]
[SourceDate "2015.01.01"]

1. e4 e5 2. Nf3 Nc6 3. Bc4 Bc5 4. Nc3 Nf6 5. Nd5 Nxe4 6. O-O O-O 7. d3 Nd6 8.
a3 Nxc4 9. dxc4 d6 10. Qd3 Re8 11. Ng5 e4 12. Nxe4 Bf5 13. Re1 Qh4 14. Re2 Bxe4
15. Qg3 Qd8 16. Bh6 g6 17. Qf4 Bxd5 18. Rxe8+ Qxe8 19. Qf6 Bd4 20. Qg5 Bxc4 21.
c3 Be5 22. f4 Bg7 23. Bxg7 Kxg7 24. h3 Qe2 25. Qg3 Ne7 26. Re1 Nf5 27. Rxe2
Nxg3 28. Re7 Nf5 29. Rxc7 Ba6 30. b4 Re8 31. a4 Re1+ 32. Kh2 Bf1 33. Rxb7 Re2
34. Kg1 Ng3 0-1

[Event "BPB Limburg-open C"]
[Site "Maastricht"]
[Date "2015.05.25"]
[Round "7"]
[White "Boons, Lucien"]
[Black "Vanden Bossche, Nicolas"]
[Result "1-0"]
[WhiteElo "1630"]
[BlackElo "1681"]
[PlyCount "49"]
[EventDate "2015.05.22"]
[EventType "swiss"]
[EventRounds "7"]
[EventCountry "NED"]
[Source "P.Boonen"]
[SourceDate "2015.01.01"]

1. d4 d5 2. Bf4 Nf6 3. e3 e6 4. Nd2 c5 5. c3 Nc6 6. Ngf3 Nh5 7. Bg3 Nxg3 8.
fxg3 Bd6 9. Bb5 O-O 10. O-O a6 11. Bxc6 bxc6 12. Ne5 Qg5 13. Nxc6 Qxe3+ 14. Kh1
f6 15. Re1 Qh6 16. Nf1 a5 17. dxc5 Bxc5 18. Nd4 Bxd4 19. Qxd4 Bd7 20. c4 Rfd8
21. cxd5 e5 22. Qd3 Qh5 23. Ne3 Qf7 24. g4 Be6 25. dxe6 1-0

[Event "BPB Limburg-open C"]
[Site "Maastricht"]
[Date "2015.05.25"]
[Round "7"]
[White "Borsten, Chris"]
[Black "Werkhoven, Gerard"]
[Result "1/2-1/2"]
[WhiteElo "1557"]
[BlackElo "1546"]
[PlyCount "127"]
[EventDate "2015.05.22"]
[EventType "swiss"]
[EventRounds "7"]
[EventCountry "NED"]
[Source "P.Boonen"]
[SourceDate "2015.01.01"]

1. e4 c5 2. Nf3 d6 3. d4 cxd4 4. Nxd4 Nf6 5. Nc3 a6 6. Be2 e6 7. O-O b5 8. Bf3
Bb7 9. e5 Nd5 10. Nxd5 Bxd5 11. Bxd5 exd5 12. e6 f6 13. Qh5+ g6 14. Qxd5 Ra7
15. Bd2 Be7 16. Bc3 O-O 17. Rfe1 Qb6 18. Nb3 Rc7 19. Ba5 Qc6 20. Qxc6 Rxc6 21.
Nd4 Rc4 22. c3 Rfc8 23. b3 R4c5 24. Bb4 Re5 25. f4 Rxe1+ 26. Rxe1 f5 27. Re3
Nc6 28. Nxc6 Rxc6 29. Rd3 Kg7 30. c4 bxc4 31. Bc3+ Kf8 32. bxc4 Rxc4 33. g3 Re4
34. Rd5 Rc4 35. Rd3 Ke8 36. a3 Rc6 37. Kg2 Bd8 38. Kf3 Bb6 39. Bf6 d5 40. Rxd5
Rxe6 41. Re5 Kf7 42. Rxe6 Kxe6 43. Bg5 h5 44. h3 Bc5 45. a4 Bb6 46. g4 Kd5 47.
gxh5 gxh5 48. Kg3 Ke4 49. Kh4 Be3 50. Kxh5 Bxf4 51. h4 Be5 52. Kg6 f4 53. h5 f3
54. Bh4 Ke3 55. h6 f2 56. Bxf2+ Kxf2 57. Kf5 Bc3 58. Ke4 Ke2 59. h7 Kd2 60. Kd5
a5 61. Kc4 Kc2 62. Kb5 Kb3 63. h8=Q Bxh8 64. Kxa5 1/2-1/2

[Event "BPB Limburg-open C"]
[Site "Maastricht"]
[Date "2015.05.25"]
[Round "7"]
[White "Brandsma, Romayn"]
[Black "Zheng, Jimmy"]
[Result "0-1"]
[WhiteElo "900"]
[BlackElo "900"]
[PlyCount "72"]
[EventDate "2015.05.22"]
[EventType "swiss"]
[EventRounds "7"]
[EventCountry "NED"]
[Source "P.Boonen"]
[SourceDate "2015.01.01"]

1. e4 e5 2. Nf3 Nc6 3. Bc4 Bc5 4. O-O Nf6 5. Nc3 O-O 6. a3 d6 7. b4 Bd4 8. Nxd4
Nxd4 9. f4 Bg4 10. Ne2 Nxe4 11. c3 Ne6 12. f5 Nf4 13. d4 Nxc3 14. Qc2 Ncxe2+
15. Kh1 Nxd4 16. Qa2 Qf6 17. Bxf4 exf4 18. Rxf4 Bxf5 19. g4 Qe5 20. Raf1 Be6
21. a4 d5 22. Bd3 b6 23. Qg2 g6 24. Qg3 c5 25. Qh4 Qg7 26. Rg1 Ne2 27. Bxe2 g5
28. Qf2 gxf4 29. Qxf4 cxb4 30. Qxb4 d4 31. h3 Bd5+ 32. Kh2 Qe5+ 33. Rg3 Qxe2+
34. Kg1 Rac8 35. Qb1 Rc2 36. Qf1 Qh2# 0-1

[Event "BPB Limburg-open C"]
[Site "Maastricht"]
[Date "2015.05.25"]
[Round "7"]
[White "Cheng, Fon Kee"]
[Black "Dijkstra, Johan"]
[Result "1/2-1/2"]
[WhiteElo "1235"]
[BlackElo "1640"]
[PlyCount "40"]
[EventDate "2015.05.22"]
[EventType "swiss"]
[EventRounds "7"]
[EventCountry "NED"]
[Source "P.Boonen"]
[SourceDate "2015.01.01"]

1. e4 e5 2. Nf3 Nc6 3. Bc4 Nf6 4. O-O Bc5 5. Re1 d6 6. c3 O-O 7. h3 Re8 8. Ng5
Be6 9. Qb3 Na5 10. Nxe6 fxe6 11. Bxe6+ Kh8 12. Qb5 c6 13. Qe2 Rxe6 14. d3 Qb6
15. b4 Bxb4 16. cxb4 Qxb4 17. Bd2 Qb6 18. Na3 Qd8 19. Bg5 b5 20. Qg4 Qe8
1/2-1/2

[Event "BPB Limburg-open C"]
[Site "Maastricht"]
[Date "2015.05.25"]
[Round "7"]
[White "Daems, Jan"]
[Black "Schoffelen, Jan"]
[Result "0-1"]
[WhiteElo "1099"]
[BlackElo "1410"]
[PlyCount "94"]
[EventDate "2015.05.22"]
[EventType "swiss"]
[EventRounds "7"]
[EventCountry "NED"]
[Source "P.Boonen"]
[SourceDate "2015.01.01"]

1. e4 c5 2. Bc4 e6 3. Nc3 a6 4. h3 d6 5. d3 Nc6 6. a3 Nf6 7. g4 h6 8. Nf3 g5 9.
Be3 Bg7 10. Qd2 Nd7 11. h4 f6 12. hxg5 fxg5 13. Bxg5 hxg5 14. Rxh8+ Bxh8 15.
Nxg5 Nf8 16. Qf4 Bxc3+ 17. bxc3 Qe7 18. Qh2 Qxg5 19. Qxd6 Qe7 20. Qh2 Qh7 21.
Qg2 Qg7 22. Kd2 Ne5 23. Rd1 Qxg4 24. Qh1 Qf4+ 25. Ke1 Nf3+ 26. Ke2 Ne5 27. Qh5+
Ke7 28. Rg1 Nxc4 29. Qxc5+ Nd6 30. Rg7+ Ke8 31. Qh5+ Nf7 32. Rg4 Qf6 33. Qc5
Bd7 34. Rg8 Ne5 35. Rg3 Rc8 36. Qb4 Bc6 37. a4 Nfg6 38. d4 Nf7 39. Re3 Nf4+ 40.
Kf1 Qh4 41. Rg3 Qh1+ 42. Rg1 Qh3+ 43. Ke1 Ng2+ 44. Kf1 Bxe4 45. a5 Qf3 46. Qb1
Rxc3 47. Qa1 Ne3+ 0-1

[Event "BPB Limburg-open C"]
[Site "Maastricht"]
[Date "2015.05.25"]
[Round "7"]
[White "De Bock, Thijs"]
[Black "Han, Yichen"]
[Result "1-0"]
[WhiteElo "1621"]
[BlackElo "1117"]
[PlyCount "57"]
[EventDate "2015.05.22"]
[EventType "swiss"]
[EventRounds "7"]
[EventCountry "NED"]
[Source "P.Boonen"]
[SourceDate "2015.01.01"]

1. e4 e5 2. Nf3 Nc6 3. Bb5 a6 4. Ba4 Nf6 5. O-O Be7 6. Re1 b5 7. Bb3 O-O 8. a4
Bb7 9. d3 d6 10. Nbd2 Qd7 11. Nf1 Rfe8 12. Ng3 Rad8 13. Ng5 d5 14. Nf5 h6 15.
Nf3 dxe4 16. Nxe7+ Qxe7 17. Nh4 exd3 18. Qf3 d2 19. Bxd2 Rxd2 20. Qg3 Nh5 21.
Qg4 Qg5 22. Qf3 Qxh4 23. Bxf7+ Kh8 24. Bxe8 Na5 25. Qf8+ Kh7 26. Qf5+ Kh8 27.
Bxh5 Qf6 28. Bg6 Bd5 29. axb5 {.....} 1-0

[Event "BPB Limburg-open C"]
[Site "Maastricht"]
[Date "2015.05.25"]
[Round "7"]
[White "Deckers, Mano"]
[Black "Linschoten, Astrid"]
[Result "1-0"]
[WhiteElo "1309"]
[BlackElo "900"]
[PlyCount "102"]
[EventDate "2015.05.22"]
[EventType "swiss"]
[EventRounds "7"]
[EventCountry "NED"]
[Source "P.Boonen"]
[SourceDate "2015.01.01"]

1. d4 Nf6 2. d5 d6 3. c4 e5 4. Nc3 c6 5. Bg5 Be7 6. e4 O-O 7. Bxf6 Bxf6 8. Bd3
Qb6 9. b3 cxd5 10. exd5 Bd7 11. Qc2 g6 12. a4 a5 13. Nge2 Na6 14. O-O Nb4 15.
Qd1 Nxd3 16. Qxd3 Rfe8 17. Rfe1 Bf5 18. Qe3 Qxe3 19. fxe3 e4 20. Rac1 Bg5 21.
Nb5 Bxe3+ 22. Kf1 Bxc1 23. Nxc1 Red8 24. Re3 Bd7 25. Nxd6 Rab8 26. Rxe4 Bxa4
27. bxa4 Rxd6 28. Nd3 Rdd8 29. Rd4 b6 30. d6 Rd7 31. c5 bxc5 32. Nxc5 Rdd8 33.
d7 Kf8 34. Re4 Rb1+ 35. Kf2 Rc1 36. Re8+ Rxe8 37. dxe8=Q+ Kxe8 38. Nb7 Rc2+ 39.
Kg3 Ra2 40. Nxa5 Rxa4 41. Nc6 f5 42. Ne5 Re4 43. Nf3 Ke7 44. h3 Kf6 45. h4 h6
46. Kh3 g5 47. Kg3 g4 48. Ng1 f4+ 49. Kf2 Re3 50. Ne2 Ke5 51. g3 f3 1-0

[Event "BPB Limburg-open C"]
[Site "Maastricht"]
[Date "2015.05.25"]
[Round "7"]
[White "Elisen, Peter"]
[Black "Rutten, Alexander"]
[Result "0-1"]
[WhiteElo "1500"]
[BlackElo "966"]
[PlyCount "82"]
[EventDate "2015.05.22"]
[EventType "swiss"]
[EventRounds "7"]
[EventCountry "NED"]
[Source "P.Boonen"]
[SourceDate "2015.01.01"]

1. d4 d5 2. g3 g6 3. Bg2 Bg7 4. c4 c6 5. Nc3 dxc4 6. e3 Nf6 7. a4 Nd5 8. Qe2
Nxc3 9. bxc3 Be6 10. Nf3 Nd7 11. Ng5 Qa5 12. Nxe6 Qxc3+ 13. Qd2 Qxd2+ 14. Bxd2
fxe6 15. Rb1 O-O-O 16. a5 Kc7 17. O-O b6 18. Rfc1 b5 19. Bb4 Bf6 20. a6 Nb6 21.
f4 Nd5 22. Ba5+ Nb6 23. Rd1 g5 24. Bh3 gxf4 25. gxf4 Kd7 26. Bxb6 axb6 27. d5
Kc7 28. dxe6 c3 29. Rd7+ Rxd7 30. exd7 Ra8 31. Rd1 b4 32. Be6 Kd8 33. Kf2 Kc7
34. Ke2 b5 35. e4 c2 36. Rc1 Rxa6 37. e5 Bg7 38. Rxc2 Ra8 39. Kf3 Ra3+ 40. Ke4
Ra8 41. Rb2 Ra4 {.....} 0-1

[Event "BPB Limburg-open C"]
[Site "Maastricht"]
[Date "2015.05.25"]
[Round "7"]
[White "Godde, Matthias"]
[Black "Maters, Arthur"]
[Result "1/2-1/2"]
[WhiteElo "1562"]
[BlackElo "1189"]
[PlyCount "62"]
[EventDate "2015.05.22"]
[EventType "swiss"]
[EventRounds "7"]
[EventCountry "NED"]
[Source "P.Boonen"]
[SourceDate "2015.01.01"]

1. d4 c5 2. e3 d5 3. Nf3 Nc6 4. b3 Bg4 5. Bb2 e6 6. Bd3 Nf6 7. O-O Bd6 8. h3
Bh5 9. Nbd2 O-O 10. c4 e5 11. dxc5 Bxc5 12. Be2 d4 13. exd4 exd4 14. Re1 Nb4
15. a3 d3 16. axb4 dxe2 17. Rxe2 Bxb4 18. Ne4 Qxd1+ 19. Rxd1 Nxe4 20. Rxe4 Bxf3
21. gxf3 Rad8 22. Red4 Rxd4 23. Rxd4 a5 24. Kg2 b6 25. Rd7 Bc5 26. Rb7 f6 27.
Bc1 Ra8 28. Be3 Bxe3 29. fxe3 a4 30. bxa4 Rxa4 31. Rxb6 Rxc4 1/2-1/2

[Event "BPB Limburg-open C"]
[Site "Maastricht"]
[Date "2015.05.25"]
[Round "7"]
[White "Godding, Mick"]
[Black "Van Stiphout, Sophie"]
[Result "0-1"]
[WhiteElo "1616"]
[BlackElo "1390"]
[PlyCount "42"]
[EventDate "2015.05.22"]
[EventType "swiss"]
[EventRounds "7"]
[EventCountry "NED"]
[Source "P.Boonen"]
[SourceDate "2015.01.01"]

1. e4 e5 2. Nf3 Nc6 3. d4 exd4 4. c3 dxc3 5. Bc4 Be7 6. Qd5 Nh6 7. Bxh6 O-O 8.
Nxc3 Nb4 9. Qd2 gxh6 10. a3 Nc6 11. Qxh6 Bf6 12. h4 Bg7 13. Qh5 Qf6 14. O-O-O
d6 15. Ng5 Bh6 16. Nd5 Qg7 17. Nxc7 Ne5 18. Ba2 Bg4 19. Nce6 Qf6 20. Nxf8 Bxh5
21. Nfxh7 Qf4+ 0-1

[Event "BPB Limburg-open C"]
[Site "Maastricht"]
[Date "2015.05.25"]
[Round "7"]
[White "Hauffe, Frank"]
[Black "Lennartz, Tim"]
[Result "0-1"]
[WhiteElo "1703"]
[BlackElo "1533"]
[PlyCount "51"]
[EventDate "2015.05.22"]
[EventType "swiss"]
[EventRounds "7"]
[EventCountry "NED"]
[Source "P.Boonen"]
[SourceDate "2015.01.01"]

1. d4 Nf6 2. Nf3 g6 3. c4 Bg7 4. Nc3 O-O 5. e4 d6 6. Be2 c5 7. O-O Nc6 8. d5
Nd4 9. Nxd4 cxd4 10. Qxd4 e5 11. Qd3 Ng4 12. h3 Nh6 13. Be3 f5 14. f4 fxe4 15.
Nxe4 exf4 16. Bxf4 Bf5 17. Bf3 g5 18. Bh2 Qb6+ 19. Kh1 Rad8 20. Bg1 Qxb2 21.
Rab1 Qe5 22. Bh2 Bxe4 23. Bxe5 Bxd3 24. Bxg7 Kxg7 25. Rxb7+ Kg8 26. Rxa7 0-1

[Event "BPB Limburg-open C"]
[Site "Maastricht"]
[Date "2015.05.25"]
[Round "7"]
[White "Heuts, Guido"]
[Black "Schlosser, Mathias"]
[Result "0-1"]
[WhiteElo "1320"]
[BlackElo "1720"]
[PlyCount "46"]
[EventDate "2015.05.22"]
[EventType "swiss"]
[EventRounds "7"]
[EventCountry "NED"]
[Source "P.Boonen"]
[SourceDate "2015.01.01"]

1. d4 d5 2. c4 c6 3. Nc3 e6 4. e3 Nf6 5. Nf3 Bd6 6. Be2 Nbd7 7. Bd2 O-O 8. O-O
Re8 9. Qc2 Nf8 10. c5 Bc7 11. Bd3 e5 12. dxe5 Bxe5 13. Rfe1 Bb8 14. a3 Qc7 15.
b4 Bg4 16. Be2 Bxf3 17. Bxf3 Qxh2+ 18. Kf1 d4 19. Na2 dxe3 20. Bxe3 Bf4 21. Qc3
Be5 22. Bd4 Bxd4 23. Qxd4 Qh1# 0-1

[Event "BPB Limburg-open C"]
[Site "Maastricht"]
[Date "2015.05.25"]
[Round "7"]
[White "Janssen, Valerie"]
[Black "De Cocq, Marc"]
[Result "0-1"]
[WhiteElo "1271"]
[BlackElo "1277"]
[PlyCount "49"]
[EventDate "2015.05.22"]
[EventType "swiss"]
[EventRounds "7"]
[EventCountry "NED"]
[Source "P.Boonen"]
[SourceDate "2015.01.01"]

1. d4 d5 2. c4 c6 3. Nc3 Nf6 4. Nf3 Bg4 5. cxd5 cxd5 6. Qb3 Bc8 7. Bg5 e6 8. e3
h6 9. Bxf6 Qxf6 10. Bb5+ Nd7 11. Ne5 b6 12. Bc6 Rb8 13. Qa4 Bd6 14. Bxd7+ Kf8
15. Nf3 Qe7 16. Bxc8 Rxc8 17. Rc1 g6 18. O-O Kg7 19. Nb5 Bb8 20. Ne5 Bxe5 21.
dxe5 a5 22. a3 Qg5 23. f4 Qg4 24. Nd6 Rxc1 25. Rxc1 {.....} 0-1